Historie výpočetní techniky /

Hlavní autor: Zelený, Jaroslav
Další autoři: Mannová, Božena, 1941-
Jazyk: Čeština
Vydáno: Praha : Scientia, 2006
Vydání: 1. vyd.
Edice: Stručné dějiny oborů
Témata:
Externí odkaz: Digitalizovaný dokument
Fyzický popis: 183 s. : il. (některé barev.), portréty ; 21 cm
Knihy
Uloženo v:
LEADER 01528nam a2200409 a 4500
001 nkc20061651192
003 CZ PrNK
005 20180629235013.0
007 ta
008 060413s2006 xr ac e 000 0dcze
015 |a cnb001651192 
020 |a 80-86960-04-8  |q (brož.) 
035 |a (OCoLC)124086611 
040 |a OLA001  |b cze  |d ABA001 
072 7 |a 004  |x Počítačová věda. Výpočetní technika. Informační technologie  |2 Konspekt  |9 23 
080 |a 004  |2 MRF 
080 |a (048.8)  |2 MRF 
100 1 |a Zelený, Jaroslav  |7 pna2006338167  |4 aut 
245 1 0 |a Historie výpočetní techniky /  |c Jaroslav Zelený, Božena Mannová 
250 |a 1. vyd. 
260 |a Praha :  |b Scientia,  |c 2006 
300 |a 183 s. :  |b il. (některé barev.), portréty ;  |c 21 cm 
490 1 |a Stručné dějiny oborů 
500 |a Chronologický přehled 
504 |a Obsahuje bibliografie a bibliografické odkazy 
650 0 7 |a dějiny výpočetní techniky  |7 ph526561  |2 czenas 
650 0 9 |a computer technology  |x history  |2 eczenas 
655 7 |a přehledy  |7 fd133202  |2 czenas 
655 9 |a surveys  |2 eczenas 
700 1 |a Mannová, Božena,  |d 1941-  |7 ntka173317  |4 aut 
830 0 |a Stručné dějiny oborů  |0 s 
856 4 1 |u http://www.digitalniknihovna.cz/mzk/uuid/uuid:2903eb40-4172-11e8-8142-005056827e51  |y Digitalizovaný dokument  |x NDK 
910 2 |a BOA001  |b 2-1178.988 
990 |a BK 
995 |a 01 
991 |b 200702  |c NOV 
996 6 |b 2610298816  |c 2-1178.988  |l MZK  |r Sklad / do 1 hodiny  |n 14  |p p.v.  |w 000837825  |u 000010  |a 1  |e BOA001  |j MZK50  |s P